000 00606nam a2200241Ia 4500
003 OSt
005 20221007072133.0
006 a|||||r|||| 00| 0
007 ta
008 221006b |||||||| |||| 00| 0 eng d
024 _a25,243
037 _cTextual
040 _aFLL
_cFLL
_beng
041 _2eng
_aeng
082 _aZ3,5, N5
100 _aJefferson Michael
_9477324
245 0 _aCriminal law
250 _a2nd
260 _aLondon
_bPitman Publishing UK
_c1995
300 _axxix,482p
_ccm.
942 _hZ3,5, N5
_cTEXL
_2CC
999 _c1145292
_d1145292